[Event "Biel HTO 56th"]
[Site "Biel"]
[Date "2023.07.27"]
[Round "10"]
[White "Papaux, Steve"]
[Black "Jaksland, Tim"]
[Result "1-0"]
[WhiteElo "2064"]
[BlackElo "2136"]
[PlyCount "75"]
[EventDate "2023.07.17"]
[EventType "swiss"]
[EventRounds "10"]
[EventCountry "SUI"]
[SourceTitle "CBM 215 Extra"]
[Source "ChessBase"]
[SourceDate "2023.09.30"]
[SourceVersion "1"]
[SourceVersionDate "2023.09.30"]
[SourceQuality "1"]

1. c4 e5 2. Nc3 Nf6 3. Nf3 e4 4. Ng5 c6 5. Ngxe4 Nxe4 6. Nxe4 d5 7. cxd5 cxd5 8. Nc3 d4 9. Ne4 Nc6 10. d3 Be6 11. e3 f5 12. Nd2 dxe3 13. fxe3 Rc8 14. Nf3 f4 15. a3 Qa5+ 16. Bd2 Qb6 17. exf4 Bc5 18. Qe2 Kd7 19. d4 Bxd4 20. Rd1 Bb3 21. Bc3 Rce8 22. Ne5+ Rxe5 23. fxe5 Bxd1 24. Qxd1 Kc7 25. Bxd4 Qxd4 26. Qxd4 Nxd4 27. Bd3 Nc6 28. e6 g6 29. Rf1 Ne5 30. Bc2 Kd6 31. Bb3 Re8 32. Ke2 Re7 33. Ke3 Ng4+ 34. Kf4 Nf6 35. Rd1+ Kc7 36. h3 Kc6 37. Ke5 Nd7+ 38. Rxd7 1-0

[Event "Biel HTO 56th"]
[Site "Biel"]
[Date "2023.07.26"]
[Round "9"]
[White "Perkampus, Laurin"]
[Black "Papaux, Steve"]
[Result "1/2-1/2"]
[WhiteElo "2197"]
[BlackElo "2064"]
[PlyCount "47"]
[EventDate "2023.07.17"]
[EventType "swiss"]
[EventRounds "10"]
[EventCountry "SUI"]
[SourceTitle "CBM 215 Extra"]
[Source "ChessBase"]
[SourceDate "2023.09.30"]
[SourceVersion "1"]
[SourceVersionDate "2023.09.30"]
[SourceQuality "1"]

1. d4 Nf6 2. c4 g6 3. Nc3 d5 4. cxd5 Nxd5 5. e4 Nxc3 6. bxc3 Bg7 7. Nf3 c5 8. Bb5+ Nc6 9. 0-0 0-0 10. Be3 Bg4 11. d5 Ne5 12. Be2 Nxf3+ 13. Bxf3 Bxf3 14. Qxf3 Bxc3 15. Rab1 b6 16. Bxc5 Be5 17. Ba3 Rc8 18. Rbc1 Qd7 19. g3 f5 20. exf5 Rxc1 21. Rxc1 Rxf5 22. Qe4 Kg7 23. Re1 Kf7 24. Rd1 1/2-1/2

[Event "Biel HTO 56th"]
[Site "Biel"]
[Date "2023.07.25"]
[Round "8"]
[White "Schnell, Simon"]
[Black "Papaux, Steve"]
[Result "0-1"]
[WhiteElo "2029"]
[BlackElo "2064"]
[PlyCount "90"]
[EventDate "2023.07.17"]
[EventType "swiss"]
[EventRounds "10"]
[EventCountry "SUI"]
[SourceTitle "CBM 215 Extra"]
[Source "ChessBase"]
[SourceDate "2023.09.30"]
[SourceVersion "1"]
[SourceVersionDate "2023.09.30"]
[SourceQuality "1"]

1. d4 d5 2. c4 c6 3. Nc3 Nf6 4. Nf3 dxc4 5. a4 Bf5 6. Nh4 Bg6 7. Nxg6 hxg6 8. e4 e5 9. Be3 Bb4 10. Bxc4 0-0 11. 0-0 Bxc3 12. bxc3 Nxe4 13. Qc2 Nd6 14. Bb3 Nf5 15. dxe5 Qe7 16. e6 fxe6 17. Rfe1 Na6 18. Bd4 Nc7 19. Be5 Nd5 20. Qe2 Qg5 21. g3 Kh7 22. f4 Qe7 23. c4 Nb4 24. Red1 Rfd8 25. Kh1 Qc5 26. Bc3 Nd5 27. Qe5 Rh8 28. Rd3 Qb6 29. cxd5 exd5 30. Be1 Rae8 31. Qc3 Re2 32. Ra2 d4 33. Qb4 c5 34. Rxe2 cxb4 35. Re6 Qc5 36. Rf3 Ne3 37. g4 Nxg4 38. Rh3+ Nh6 39. Bd2 Qf5 40. Rg3 Rc8 41. Kg2 Rc2 42. Re2 d3 43. Rf2 Rb2 44. Bd1 Qd5+ 45. Bf3 Qa2 0-1

[Event "Biel HTO 56th"]
[Site "Biel"]
[Date "2023.07.23"]
[Round "6"]
[White "Hornung, Hans"]
[Black "Papaux, Steve"]
[Result "1-0"]
[WhiteElo "2047"]
[BlackElo "2064"]
[PlyCount "165"]
[EventDate "2023.07.17"]
[EventType "swiss"]
[EventRounds "10"]
[EventCountry "SUI"]
[SourceTitle "CBM 215 Extra"]
[Source "ChessBase"]
[SourceDate "2023.09.30"]
[SourceVersion "1"]
[SourceVersionDate "2023.09.30"]
[SourceQuality "1"]

1. c4 c6 2. e4 d5 3. exd5 cxd5 4. cxd5 Nf6 5. Nc3 Nxd5 6. Nf3 Nc6 7. Bb5 Bg4 8. Qa4 Nxc3 9. Bxc6+ bxc6 10. Qxg4 Nd5 11. 0-0 e6 12. d4 Nf6 13. Qh3 Qd5 14. Bf4 Ne4 15. Nd2 Qxd4 16. Nxe4 Qxe4 17. Qg3 Qg6 18. Qf3 Rc8 19. Rac1 Be7 20. Rxc6 0-0 21. Rfc1 Rxc6 22. Qxc6 Bf6 23. Qc2 Qg4 24. Be3 h5 25. h3 Qh4 26. b3 a5 27. Qc4 Qxc4 28. Rxc4 Rd8 29. Kf1 Rd5 30. Rc8+ Kh7 31. Ke2 Kg6 32. Rc5 Kf5 33. Rxd5+ exd5 34. Kd3 Bd8 35. Kd4 Ke6 36. Kc5 Ke5 37. Bd4+ Ke4 38. f3+ Kf4 39. Bf2 d4 40. Kc4 Bb6 41. Bxd4 Bd8 42. Bf2 g5 43. Kd3 f5 44. Ke2 h4 45. Be1 Bb6 46. a3 Bd8 47. Bf2 Bc7 48. Be3+ Kg3 49. Bxg5 Bd6 50. Kf1 Bxa3 51. Bd8 Bb4 52. Bc7+ f4 53. Bb6 Kh2 54. Bg1+ Kh1 55. Bd4 Kh2 56. Bf2 Be7 57. Be1 Bd8 58. Bc3 Bb6 59. Be5 Kg3 60. Bf6 Bc7 61. Be7 Bb6 62. Bd6 Bd8 63. Bc5 Kh2 64. Bf2 Kh1 65. Ba7 Bc7 66. Bc5 Kh2 67. Kf2 Bd8 68. Bd6 Bb6+ 69. Kf1 Kg3 70. Bb8 Bd8 71. Ba7 Kh2 72. Bc5 Bc7 73. Bg1+ Kh1 74. Bd4 Kh2 75. Bc5 Bd8 76. Bf2 Kh1 77. Bd4 Kh2 78. Bc5 Bc7 79. Be7 Kg3 80. Kg1 Bb6+ 81. Kh1 Bc7 82. Bc5 Bd8 83. Kg1 1-0

[Event "SUI-ch U16"]
[Site "Biel"]
[Date "2022.07.20"]
[Round "5"]
[White "Papaux, Steve"]
[Black "Erne, Raphael"]
[Result "1/2-1/2"]
[WhiteElo "2031"]
[BlackElo "2060"]
[PlyCount "101"]
[EventDate "2022.07.18"]
[EventType "swiss"]
[EventRounds "7"]
[EventCountry "SUI"]
[SourceTitle "EXT 2023"]
[Source "ChessBase"]
[SourceDate "2022.10.05"]
[SourceVersion "1"]
[SourceVersionDate "2022.10.05"]
[SourceQuality "1"]

1. d4 d5 2. c4 c6 3. Nf3 Nf6 4. g3 e6 5. Bg2 Be7 6. 0-0 0-0 7. Nc3 b6 8. Qc2 Bb7 9. Rd1 Nbd7 10. e4 dxe4 11. Nxe4 Nxe4 12. Qxe4 Nf6 13. Qe2 Qc8 14. Bf4 Rd8 15. Rac1 Re8 16. Bh3 Qd8 17. Ne5 Bf8 18. Bg2 Rc8 19. Bg5 h6 20. Bxf6 Qxf6 21. c5 Qd8 22. b4 f6 23. Nc4 Ba6 24. a4 Bxc4 25. Qxc4 bxc5 26. dxc5 Qc7 27. Bh3 Kh8 28. Bxe6 Rcd8 29. Qg4 Rxd1+ 30. Rxd1 Qe5 31. Bd7 Qe2 32. Qxe2 Rxe2 33. Bxc6 Kh7 34. Kf1 Re6 35. Rd8 Bxc5 36. Bd7 Bb6 37. Bxe6 Bxd8 38. Ke2 Kg6 39. Kd3 f5 40. Kc4 Kf6 41. Bc8 Bb6 42. f3 Bg1 43. h3 Bf2 44. g4 fxg4 45. fxg4 Ke7 46. Kd5 Kd8 47. Bf5 Kc7 48. Ke6 Bd4 49. h4 Bc3 50. Kf7 Bf6 51. h5 1/2-1/2

[Event "SUI-ch U16"]
[Site "Biel"]
[Date "2022.07.18"]
[Round "1"]
[White "Papaux, Steve"]
[Black "Kwiatkowski, Jakub1111"]
[Result "1/2-1/2"]
[WhiteElo "2031"]
[BlackElo "1770"]
[PlyCount "91"]
[EventDate "2022.07.18"]
[EventType "swiss"]
[EventRounds "7"]
[EventCountry "SUI"]
[SourceTitle "EXT 2023"]
[Source "ChessBase"]
[SourceDate "2022.10.05"]
[SourceVersion "1"]
[SourceVersionDate "2022.10.05"]
[SourceQuality "1"]

1. a3 e5 2. e4 Nf6 3. Nc3 Bc5 4. Nf3 d6 5. Bc4 c6 6. 0-0 0-0 7. d4 exd4 8. Nxd4 Re8 9. b4 Bb6 10. Be3 Ng4 11. h3 Nxe3 12. fxe3 Be6 13. Bxe6 fxe6 14. Qf3 Qe7 15. Nce2 Nd7 16. Nf4 Qf7 17. Qe2 Nf6 18. Nd3 Qg6 19. e5 dxe5 20. Nxe5 Qe4 21. Nef3 e5 22. Nd2 Qxe3+ 23. Qxe3 Bxd4 24. Qxd4 exd4 25. Nb3 d3 26. cxd3 Re3 27. Rf3 Rxf3 28. gxf3 Re8 29. Kf2 Nd5 30. Re1 Rxe1 31. Kxe1 Nf4 32. d4 Nxh3 33. Nc5 Ng5 34. Ke2 b6 35. Nd7 Ne6 36. Ke3 g6 37. Ne5 Nd8 38. a4 Kg7 39. b5 cxb5 40. axb5 Kf6 41. Ke4 Ke6 42. d5+ Kd6 43. Kd4 Kc7 44. f4 Kd6 45. Nc4+ Ke7 46. Ne5 1/2-1/2

[Event "SUI-ch U10"]
[Site "Kreuzlingen"]
[Date "2016.07.01"]
[Round "4"]
[White "Zweifel, Gavin"]
[Black "Papaux, Steve"]
[Result "1-0"]
[WhiteElo "1573"]
[BlackElo "1478"]
[PlyCount "79"]
[EventDate "2016.06.30"]
[EventType "tourn"]
[EventRounds "7"]
[EventCountry "SUI"]
[SourceTitle "EXT 2017"]
[Source "ChessBase"]
[SourceDate "2016.10.25"]
[SourceVersion "1"]
[SourceVersionDate "2016.10.25"]
[SourceQuality "1"]

1. e4 e5 2. Nf3 Nc6 3. Bc4 Bc5 4. c3 Nf6 5. d4 exd4 6. e5 Qe7 7. cxd4 Bb4+ 8. Bd2 Bxd2+ 9. Qxd2 d5 10. Bb3 Ne4 11. Qe3 Be6 12. 0-0 0-0 13. Nc3 Bg4 14. Nxd5 Qe8 15. Qxe4 f5 16. Qf4 Kh8 17. Nxc7 Qd7 18. Nxa8 Rxa8 19. d5 Bxf3 20. gxf3 Ne7 21. Rad1 Ng6 22. e6 Qd8 23. Qb4 Nh4 24. e7 Qc7 25. Qxh4 Qd6 26. Rfe1 Qg6+ 27. Qg3 Qe8 28. d6 Qd7 29. Be6 Qe8 30. Bxf5 g6 31. Qe5+ Kg8 32. Be6+ Qf7 33. Bxf7+ Kxf7 34. e8Q+ Rxe8 35. Qxe8+ Kf6 36. d7 Kf5 37. d8Q b5 38. Re5+ Kf4 39. Qd4+ Kxf3 40. Qf7# 1-0